000
00298nam a2200121 a 4500
008
100914s1969|||| d
245
1
0
_a
Trstiny vo vetre
100
1
_a
Deleddová, Grazia
260
_c
1969
_a
Bratislava
_b
Slovenský spisovateľ
020
_c
32,70
044
_a
xo
_c
SK
041
_a
slo
999
_c
10294
_d
10294